000 00675nam a2200289Ia 4500
005 20260324124433.0
008 008 260324s9999 xx 000 0 eng d
020 _a9781849775465
037 _aEBOOK
040 _aCRL
040 _beng
040 _cCRL
041 _2eng
041 _aeng
084 _qCRL
100 _aLyla Mehta
_91104958
245 4 _aThe Limits to Scarcity
245 0 _bContesting the Politics of Allocation
260 _bTaylor and Francis
260 _c2010
365 _a
365 _b255
856 _uhttp://www.taylorfrancis.com/books/9781849775465
942 _cEBOOK
999 _c1768522
_d1768522